000 00287nam a22001097a 4500
041 _aeng
080 _a80
100 _aБлувштейн, В. О.
245 _aСловарь сокращений англ, нем, голл., и скан., яз..
650 _aReference
999 _c280703
_d280703
942 _cBK